<?xml version="1.0" encoding="UTF-8"?>
<record
    xmlns:xsi="http://www.w3.org/2001/XMLSchema-instance"
    xsi:schemaLocation="http://www.loc.gov/MARC21/slim http://www.loc.gov/standards/marcxml/schema/MARC21slim.xsd"
    xmlns="http://www.loc.gov/MARC21/slim">

  <leader>00510    a2200169   4500</leader>
  <controlfield tag="003">OSt</controlfield>
  <controlfield tag="005">20231207145413.0</controlfield>
  <controlfield tag="008">231207b        |||||||| |||| 00| 0 eng d</controlfield>
  <datafield tag="020" ind1=" " ind2=" ">
    <subfield code="a">9789386429469</subfield>
  </datafield>
  <datafield tag="040" ind1=" " ind2=" ">
    <subfield code="c">oclc</subfield>
  </datafield>
  <datafield tag="082" ind1=" " ind2=" ">
    <subfield code="a">894</subfield>
    <subfield code="b">NAR/K</subfield>
  </datafield>
  <datafield tag="100" ind1=" " ind2=" ">
    <subfield code="a">Narayanan, M G S</subfield>
    <subfield code="9">3246</subfield>
  </datafield>
  <datafield tag="245" ind1=" " ind2=" ">
    <subfield code="a">Kavitha . communism . vargeeyatha:</subfield>
    <subfield code="b">M G S inte chinthakkal /</subfield>
    <subfield code="c">M G S Narayanan.</subfield>
  </datafield>
  <datafield tag="260" ind1=" " ind2=" ">
    <subfield code="a">Thrissur:</subfield>
    <subfield code="b">Current books,</subfield>
    <subfield code="c">2018.</subfield>
  </datafield>
  <datafield tag="300" ind1=" " ind2=" ">
    <subfield code="a">291p</subfield>
  </datafield>
  <datafield tag="942" ind1=" " ind2=" ">
    <subfield code="2">ddc</subfield>
    <subfield code="c">BK</subfield>
    <subfield code="h">894</subfield>
    <subfield code="i">NAR/K</subfield>
    <subfield code="k">894</subfield>
    <subfield code="m">NAR/K</subfield>
  </datafield>
  <datafield tag="952" ind1=" " ind2=" ">
    <subfield code="0">0</subfield>
    <subfield code="1">0</subfield>
    <subfield code="2">ddc</subfield>
    <subfield code="4">0</subfield>
    <subfield code="7">0</subfield>
    <subfield code="8">LIT</subfield>
    <subfield code="a">MES</subfield>
    <subfield code="b">MES</subfield>
    <subfield code="c">HIS</subfield>
    <subfield code="d">2023-12-07</subfield>
    <subfield code="l">0</subfield>
    <subfield code="o">894 NAR/K</subfield>
    <subfield code="p">43911</subfield>
    <subfield code="r">2023-12-07 14:54:50</subfield>
    <subfield code="v">300.00</subfield>
    <subfield code="w">2023-12-07</subfield>
    <subfield code="y">BK</subfield>
    <subfield code="z">GL42R2</subfield>
  </datafield>
  <datafield tag="999" ind1=" " ind2=" ">
    <subfield code="c">43730</subfield>
    <subfield code="d">43730</subfield>
  </datafield>
</record>
